Loading...
| Social Science | 0 | 3 | 1 | 1 | 25 | 88 | 110.67 | 0 | 2 |
| Science - Other Science | 0 | 2 | 0 | 0 | 20 | 115 | 121.50 | 0 | 0 |
| History - European History | 0 | 1 | 0 | 1 | 10 | 118 | 118.00 | 0 | 0 |
| Literature - British Literature | 0 | 1 | 0 | 0 | 10 | 128 | 128.00 | 0 | 0 |
| Fine Arts - Other Arts | 0 | 1 | 0 | 0 | 10 | 77 | 77.00 | 0 | 1 |
| History - American History | 0 | 1 | 0 | 1 | 10 | 129 | 129.00 | 0 | 0 |
| Science - Chemistry | 0 | 1 | 0 | 0 | 10 | 120 | 120.00 | 0 | 0 |
| Visual Arts | 0 | 1 | 0 | 1 | 10 | 130 | 130.00 | 0 | 1 |
| Literature - American Literature | 0 | 0 | 0 | 0 | 0 | 0.00 | 0 | 0 | |
| Literature - World Literature | 0 | 0 | 0 | 0 | 0 | 0.00 | 0 | 0 | |
| History - Other History | 0 | 0 | 1 | 0 | -5 | 0.00 | 0 | 0 | |
| Science - Physics | 0 | 0 | 1 | 0 | -5 | 0.00 | 0 | 0 | |
| Literature - European Literature | 0 | 0 | 1 | 0 | -5 | 0.00 | 0 | 0 |